000 00507nam a2200193Ia 4500
003 IIN
005 20240201161244.0
008 231217s9999 xx 000 0 und d
020 _cRs.300.00
_a9780818679353
040 _aIIN
_bEnglish
082 _a611
_bDAT
100 1 _aDatta, Asim Kumar
245 1 _aPrinciples of General Anatomy
_cAsim Kumar Datta
250 _a7th ed
260 _bK.P. Basu Publication
_aKolkata
_c2016
300 _a231 p.
650 1 _aAnatomy
_vGeneral
942 _cBOOK
999 _c720
_d720